Taking a break! (Record no. 81444)

MARC details
000 -LEADER
fixed length control field 00818cab a22001815a 4500
001 - CONTROL NUMBER
control field L147228
008 - FIXED-LENGTH DATA ELEMENTS--GENERAL INFORMATION
fixed length control field 090417s2009 xxkao f 000 0 eng d
035 ## - SYSTEM CONTROL NUMBER
System control number (Sirsi) u147228
041 0# - LANGUAGE CODE
Language code of text/sound track or separate title eng
245 00 - TITLE STATEMENT
Title Taking a break!
260 ## - PUBLICATION, DISTRIBUTION, ETC.
Date of publication, distribution, etc. 2009
490 #0 - SERIES STATEMENT
Series statement Agreement
Volume/sequential designation April 2009, 14-17(4)
520 ## - SUMMARY, ETC.
Summary, etc. Reports that a growing number of letting agents are going into holiday lets on behalf of their landlords. Considers whether or not landlords should redesignate any of their properties as holiday homes and how this might be done. Reveals that the best-performing holiday properties are short lets with year-round appeal in cities such as London, Bath, Edinburgh and Oxford.
590 ## - LOCAL NOTE (RLIN)
Local note KA
651 #4 - SUBJECT ADDED ENTRY--GEOGRAPHIC NAME
Geographic name United Kingdom
Chronological subdivision
690 ## - LOCAL SUBJECT ADDED ENTRY--TOPICAL TERM (OCLC, RLIN)
Topical term or geographic name as entry element PROPERTY-RESIDENTIAL PROPERTY-RESIDENTIAL LANDLORD AND TENANT
942 ## - ADDED ENTRY ELEMENTS (KOHA)
Suppress in OPAC 0
Holdings
Withdrawn status Lost status Source of classification or shelving scheme Damaged status Not for loan Home library Current library Shelving location Date acquired Total Checkouts Full call number Barcode Date last seen Copy number Price effective from Koha item type
    Dewey Decimal Classification     London London Journal article 17/04/2009   L147228 147228-1001 06/08/2019 1 06/08/2019 Journal article